[Event "20th Prague Open 2022"]
[Site "Prague"]
[Date "2022.01.11"]
[Round "6.19"]
[White "Thompson, Ian D"]
[Black "Bomans, Arno"]
[Result "0-1"]
[WhiteElo "2095"]
[BlackElo "2246"]
[Annotator "TA"]
[PlyCount "100"]
[EventDate "2022.01.07"]
[EventType "swiss"]
[EventCountry "CZE"]
[SourceTitle "playchess.com"]
[Source "ChessBase"]
[SourceQuality "1"]

{[%evp 20,100,0,0,0,0,9,2,30,25,44,60,48,83,88,0,0,0,14,16,11,17,15,-282,-275,-266,-264,-260,-242,-225,-185,-177,-197,-249,-193,-208,-93,-85,-85,-133,-89,-139,-106,-191,-231,-202,-164,-406,-409,-563,-386,-1269,-1218,-29990,-29991,-29991,-29992,-29991,-251,-251,0,0,0,0,0,0,261,263,250,247,247,247,247,247,247,247,276,0,0,-544,-535,-29998,-29999]} 1. Nf3 c5 2. c4 Nc6 3. Nc3 e5 4. g3 g6 5. Bg2 Bg7 6. O-O d6 7. d3 Nge7 8. a3 a5 9. Rb1 O-O 10. Bd2 Rb8 11. Qa4 Be6 {A37: Symmetrical English vs ...g6: 4 Bg2 Bg7 5 Nf3.} 12. Rfc1 h6 13. Ne1 {[#]} Nd4 $146 {[%cal Ob7b5] The position is equal.} ({Predecessor:} 13... f5 14. e3 f4 15. exf4 exf4 16. Bxf4 g5 17. Be3 Qd7 18. Be4 Nf5 19. Nf3 Qe8 {0-1 (62) Brookes,J (2468)-Uenalmis,H (2553) ICCF email 2016}) 14. Qd1 b5 15. e3 bxc4 16. exd4 exd4 17. Ne2 ({White should play} 17. Na4 $16) 17... cxd3 $11 18. Nxd3 Ba2 19. Ra1 Bb3 20. Qe1 a4 21. Nxc5 $2 {[%mdl 8192]} dxc5 $19 22. Rxc5 d3 $1 {[%csl LRb2,LRe2]} 23. Nc3 Nf5 24. Bf4 Bc2 25. Rd5 (25. Bxb8 Qxb8 26. Nb5 Nd4 27. Nxd4 Bxd4 28. Rxc2 dxc2) 25... Qc8 26. Rc1 (26. Bxb8 $142 Qxb8 27. Nb5 Bxb2 28. Rb1 (28. Ra2 $2 Bg7 $19) 28... Bxb1 29. Qxb1) 26... Rxb2 27. Nxa4 {[#]} Ra2 (27... Nd4 $1 $19 {[%mdl 512] has better winning chances.} 28. Nxb2 Ne2+ 29. Kh1 Bxb2 30. Bxh6 Re8) 28. Qb4 $17 Qa6 $1 29. Ra5 (29. Rxf5 $142 gxf5 30. Bd5 $1) 29... Qf6 $1 30. Bd5 (30. Be5 $142 Qe7 31. Qxe7 Nxe7 32. Nc3) 30... Ra1 31. Kg2 (31. Rxa1 $17 Qxa1+ 32. Kg2) 31... Rxc1 $1 $19 32. Bxc1 Nd4 {Hoping for ...Nc6.} 33. Bb2 $2 (33. Nc3 {was necessary.}) 33... Rd8 {[%cal Od8d5] aiming for ...Rxd5!} 34. Bb7 Rb8 35. Nc5 $2 {[#]} (35. Qxd4 Qxd4 36. Bxd4) 35... Rxb7 $1 {[%mdl 512]} 36. Nxb7 (36. Ra8+ Kh7) 36... Qf3+ 37. Kh3 {[#]} d2 $1 38. Qxd2 {[#]} (38. Qc3 d1=Q) 38... Qxb7 $2 (38... Be4 $1 {mates} 39. Qxd4 Bxd4 40. Nd6 Bc6 $1 41. Rb5 h5 $1 42. Rb8+ Kh7 43. Rh8+ Bxh8 44. Ne4 Bd7+ 45. Kh4 Qg4#) 39. Bxd4 Qd7+ $2 (39... Be4 $1 $19 {[%cal Re4g2] ( -> ...Bg2+)} 40. Bxg7 Bg2+ 41. Kh4 Qe7+ 42. Rg5 Kxg7) 40. g4 h5 $1 {[%csl Gh5][%cal Rd7g4]} 41. f3 {[%cal Oa5c5]} hxg4+ $40 {[%mdl 128] Black mounts an attack.} 42. fxg4 {[%cal Oa5c5] Strongly threatening Rc5!} Be4 $2 {[%mdl 8192]} (42... Qxd4 $11 {and Black is okay.} 43. Qxc2 (43. Ra8+ Kh7 $11) 43... Qe3+ 44. Kg2 Bd4) 43. Bc3 $18 Bd3 44. Ra8+ Kh7 {[#] And now ...Bf1+ would win.} 45. Qf2 {Inhibits Bf1+. White wants to mate with Qh4+.} g5 {Inhibits Qh4+. White must now prevent ...Be4.} 46. Bxg7 Kxg7 47. Ra5 $1 (47. Qc5 Bf1+ 48. Kg3 Qd3+ 49. Kf2 Qe2+ 50. Kg3 Qg2#) 47... Kg6 {[#]} 48. Qb6+ $2 ({White must play} 48. Re5 $1 $18) 48... f6 $11 {Dancing on a razor blade.} 49. Qf2 {[%mdl 8192] To avoid Bf1+} (49. Kg3 $11 Bc2 {[#]} 50. Rxg5+ $1 (50. Ra6 Qd3+ 51. Kf2 Qd2+ 52. Kf3 Qd3+ 53. Kf2 Qd2+ 54. Kf3 Qd3+ 55. Kf2 $11) 50... Kxg5 51. Qc5+ f5 52. h4+ (52. Qxc2 f4+ 53. Kf3 Qb7+ 54. Qe4 Qb3+ 55. Kg2 Qb2+ 56. Kg1 Qc1+ 57. Kf2 Qb2+ 58. Qe2 Qb6+ 59. Kf1 Qb1+ 60. Kg2 Qb7+ 61. Kh3 Qb3+ 62. Kg2 Qb7+ 63. Kg1 Qb6+ 64. Qf2 Qb1+ 65. Qf1 Qb6+ 66. Kg2 Qb7+ 67. Qf3 Qb2+ 68. Kh1 Qc1+ 69. Kg2 Qb2+ 70. Qf2 Qb7+ 71. Kh3 Qb3+ 72. Kg2 Kxg4 $11) 52... Kh6 53. Qxc2 (53. g5+ Kh5 $11) 53... Qd6+ 54. Kg2 (54. Kf3 Qxa3+ 55. Kf4 Qd6+ 56. Kf3 Qa3+ 57. Kg2 Qa8+ 58. Kh2 Qb8+ 59. Kh3 fxg4+ 60. Kxg4 Qg8+ 61. Kf4 Qf7+ 62. Qf5 Qxf5+ 63. Kxf5 Kh7 $11) 54... Qd5+ 55. Kh2 (55. Kg3 Qd6+ 56. Kg2 Qd5+ 57. Kh2 Qe5+ 58. Kh1 Qd5+ 59. Kh2 Qe5+ 60. Kg2 Qd5+ $14) 55... Qd6+ 56. Kg2 Qd5+ 57. Kg3 Qe5+ 58. Kf3 Qd5+ 59. Kg3 Qe5+ 60. Kg2 Qd5+) 49... Be4 $19 50. Qe3 Qh7+ {Weighted Error Value: White=1.09/Black=0.44} 0-1

[Event "20th Prague Open 2022"]
[Site "Prague"]
[Date "2022.01.11"]
[Round "6.20"]
[White "Yakimenko, Alexander A."]
[Black "Novotny, Michal"]
[Result "1/2-1/2"]
[WhiteElo "2055"]
[BlackElo "2236"]
[Annotator "TA"]
[PlyCount "135"]
[EventDate "2022.01.07"]
[EventType "swiss"]
[EventCountry "CZE"]
[SourceTitle "playchess.com"]
[Source "ChessBase"]
[SourceQuality "1"]

{[%evp 19,135,0,0,-13,-4,-42,0,-60,-52,-50,-73,-68,-53,-373,-365,-405,-16,-320,-323,-330,-271,-351,-299,-385,-237,-235,-235,-243,-235,-237,-235,-251,-251,-360,-277,-437,-437,-437,-437,-437,-437,-437,-437,-922,-907,-885,-874,-1259,-1110,-1015,-1553,-1518,-1450,-1307,-1216,-1790,-1754,-1620,-1648,-1300,-1487,-29979,-29980,-29980,-1278,-1220,-1190,-1316,-1283,-1702,-1281,-1559,-1394,-1507,-1279,-1307,-1300,-1177,-350,-365,-340,-330,0,0,0,0,0,0,0,0,0,0,80,0,0,0,0,0,0,0,5644,0,0,0,5085,5025,29985,29986,29986,29987,29988,29989,29989,29988,29988,29988,29988,29989]} 1. e4 e6 2. d4 d5 3. Nc3 Bb4 4. e5 c5 5. a3 {[%cal Ba2a3,Ba3a4][%mdl 32]} Bxc3+ 6. bxc3 Ne7 7. Nf3 b6 8. Bb5+ Bd7 9. a4 Bxb5 10. axb5 Qd7 11. Qe2 {C19: French: 3 Nc3 Bb4: Main line: 7 Nf3 and 7 a4.} c4 12. Ba3 h6 {[#]} (12... Qxb5 $15 13. Bxe7 Kxe7) 13. O-O $146 ({White should play} 13. Bxe7 $11 Kxe7 14. Rb1) ({Predecessor:} 13. Nh4 Qxb5 14. Qg4 Rg8 15. O-O Qd7 16. Rfb1 Nbc6 17. Qh5 O-O-O 18. Nf3 Nf5 19. Nd2 {½-½ (37) Markovic,M (2365)-Raicevic,V (2415) Banja Vrucica 1991}) 13... Qxb5 $15 14. Bxe7 Kxe7 15. Nh4 g5 16. f4 $2 {[%mdl 8192]} gxh4 $19 17. f5 Nd7 $2 ({Better is} 17... Qe8 $19 18. Qf3 Rh7) 18. Qh5 $2 {[%mdl 8192]} (18. fxe6 $1 $11 fxe6 19. Qg4) 18... Qc6 {[%cal Oh4h3]} 19. Qxh4+ Ke8 {[%cal Be7e8,Be8d8,Bd8c7][%mdl 32]} 20. Qh5 Rh7 21. f6 Kd8 22. Rf3 Kc7 {...Nf8 is the strong threat.} 23. Rg3 Nf8 24. Rg7 Qe8 25. Rg8 a5 26. Qd1 (26. Kf2 {was called for.}) 26... Qc6 27. Qc1 (27. Qh5 $142) 27... Ng6 28. Rg7 Rah8 29. g3 Qe8 30. Rb1 h5 {Strongly threatening ...Rxg7.} 31. h4 (31. Qa3 $142 Qd7 32. Rxh7 Rxh7 33. h4) 31... Rxg7 32. fxg7 Rg8 33. Qh6 Ne7 {Hoping for ...Nf5.} 34. g4 hxg4 35. Rf1 Kb7 36. h5 Nf5 37. Rxf5 exf5 38. Qf6 a4 {aiming for ...a3.} 39. h6 a3 40. Qd6 a2 41. Qa3 f6 (41... Qa8 42. Qe7+ Kb8 43. Qf8+ Kc7 44. Qd6+ Kb7 45. Qe7+ Kc6 46. Qd6+ Kb7 47. Qe7+ $11) (41... Qd8 $142 42. h7 Rxg7 43. h8=Q Qxh8 44. Qe7+ Kc8 45. Qa3 Rg6 46. Qa8+ Kc7 47. Qxh8 a1=Q+ 48. Kg2 Qxc3 49. Qa8 Qxc2+ 50. Kg1 g3 51. Qa7+ Kc6 52. Qa8+ Kb5 53. Qxd5+ Kb4 54. Qg2 Qb1+ 55. Qf1 Qe4 56. Qd1 Qe3+ 57. Kh1 Rh6+ 58. Qh5 Rxh5+ 59. Kg2 Qf2#) 42. Qxa2 fxe5 43. Qa3 exd4 44. Qd6 Qe3+ 45. Kg2 Qf3+ 46. Kg1 Qd1+ 47. Kg2 Qxc2+ 48. Kg3 Qxc3+ $2 (48... f4+ 49. Kxg4 Ka6 50. Qa3+ Kb5 51. Qb4+ Kc6) 49. Kh4 Ka6 (49... Qf3 50. Qd7+ Ka6 51. Qa4+ Kb7 52. Qd7+ Kb8 53. Qd6+ Kb7 54. Qd7+ $11) 50. Qxd5 {[#]} Qc1 $2 51. Kh5 $11 g3 52. Qxg8 {[%mdl 4096] Endgame Intending Qa8+ and mate. KQ-KQ} Qh1+ (52... Qd1+ $2 53. Kg6 Qg4+ 54. Kh7 $18) 53. Kg5 Qc6 {( -> ...g2)} 54. Qf8 (54. Kxf5 $2 g2 55. Qe6 Qxe6+ 56. Kxe6 g1=Q $19) 54... g2 55. Qa3+ Kb7 {[#]} (55... Kb5 $11 56. Qb2+ Kc5 57. Qa3+ Kb5) 56. Qc1 (56. Qg3 $1 $16 Qd5 57. Kf6 (57. h7 f4+ 58. Kxf4 Qd6+ 59. Kf5 Qxg3 $19)) 56... Qf3 {And now ...Qe3+ would win.} 57. h7 Qg3+ 58. Kf6 {The board is on fire.} Qh4+ (58... g1=Q $2 59. Qxg1 Qxg1 60. g8=Q $18) 59. Kg6 Qg4+ $2 {[%mdl 8192]} (59... Qg3+ $11 60. Kf7 Qc7+ 61. Kg6 (61. Kf6 Qd8+ 62. Kg6 Qe8+ 63. Kh6 Qe6+ 64. Kg5 Qe7+ 65. Kg6 Qe8+ 66. Kg5 Qe7+ 67. Kg6 Qe8+ $11) 61... Qg3+ 62. Kf7 Qc7+ 63. Kg6 (63. Kf6 Qd8+ 64. Kxf5 Qd7+ 65. Kf6 Qd6+ 66. Kf7 Qd5+ 67. Kg6 Qe4+ 68. Kh6 Qh4+ 69. Kg6 Qg3+ 70. Kf7 Qf3+ 71. Kg6 Qg4+ 72. Kf6 Qh4+ 73. Kg6 Qg4+ 74. Kh6 Qh4+ 75. Kg6 $11) 63... Qg3+) 60. Kf6 $2 (60. Kf7 $18 Qh5+ 61. Kf8 Qxh7 62. g8=Q Qxg8+ 63. Kxg8) 60... Qh4+ (60... g1=Q $2 61. Qxg1 Qxg1 62. g8=Q $18) 61. Kg6 Qg4+ $2 {[%mdl 8192]} (61... Qg3+ $11 62. Kf7 Qc7+ 63. Kg6 (63. Kf6 Qd8+ 64. Kg6 Qe8+ 65. Kh6 Qe6+ 66. Kg5 Qe7+ 67. Kg6 Qe6+ 68. Kg5 Qe7+ 69. Kg6 Qe6+ 70. Kg5 $11) 63... Qg3+ 64. Kf7 Qc7+ 65. Kg6 (65. Kf6 Qd8+ 66. Kg6 Qe8+ 67. Kg5 Qe7+ 68. Kg6 Qe6+ 69. Kg5 Qe7+ 70. Kg6 Qe6+ 71. Kg5 Qe7+ $11) 65... Qg3+) 62. Kf7 $18 g1=Q 63. Qxg1 {White mates.} Qxg1 64. g8=Q Qxg8+ 65. hxg8=Q Kc6 66. Kf6 Kc5 67. Ke5 d3 68. Qf8+ {[%mdl 32768] Quite a comeback for White.  Weighted Error Value: White=0.93/Black=0.36. An unexpected result.} 1/2-1/2

[Event "20th Prague Open 2022"]
[Site "Prague"]
[Date "2022.01.11"]
[Round "6.21"]
[White "Babula, Vlastimil"]
[Black "Lacrosse, Marc"]
[Result "1-0"]
[WhiteElo "2561"]
[BlackElo "2035"]
[Annotator "TA"]
[PlyCount "61"]
[EventDate "2022.01.07"]
[EventType "swiss"]
[EventCountry "CZE"]
[SourceTitle "playchess.com"]
[Source "ChessBase"]
[SourceQuality "1"]

{[%evp 14,61,14,2,-4,0,7,15,8,25,30,35,46,32,45,-83,18,9,25,0,0,-20,-45,-31,-27,-48,5,11,54,49,51,39,57,55,119,102,122,112,114,106,116,-30,133,106,291,305,533,528,631,614]} 1. e4 e5 2. Nf3 Nc6 3. d4 exd4 4. Nxd4 Bc5 5. Nb3 Bb6 6. Nc3 Nf6 7. Bg5 h6 {7...0-0 is more fashionable.} 8. Bh4 $1 O-O {C45: Scotch Game.} 9. Bd3 Re8 {[%cal Of6e4] Threatens to win with ...Nxe4!} 10. O-O {[#]} g5 $146 {The position is equal.} ({Predecessor:} 10... d6 11. Kh1 Ne5 12. f4 Ng6 13. Bg3 c6 14. h3 a5 15. a4 d5 16. e5 d4 17. exf6 dxc3 {1-0 (46) Burke,J (2526)-Dragun,K (2594) Greensboro 2018}) 11. Bg3 d6 12. Kh1 Bg4 13. f3 Bh5 14. Na4 {[#]} (14. Qd2 $14) 14... Bg6 ({Black should play} 14... Nxe4 $1 $17 15. Be1 (15. Bxe4 Rxe4 16. Nc3 Re6 $17) 15... Nf6) 15. Nxb6 $11 axb6 16. c4 (16. Bb5 $5 {[%cal Rb3d4]}) 16... Qe7 17. Re1 Nh5 18. Bf2 Qf6 {To avoid Nd4} 19. Qd2 Re7 (19... Ne5 $15 20. Be2 g4) 20. Bf1 Rae8 (20... Ne5 $11 {deserves consideration.}) 21. Nd4 $14 Ne5 22. Be3 Bh7 23. Nb5 g4 (23... Qe6 $14) 24. Bxh6 $16 {aiming for Bg5.} ({Don't do} 24. f4 Nc6 $14) 24... gxf3 25. Bg5 Qg6 {...f6 is the strong threat.} 26. Bxe7 Rxe7 {[#]} 27. Nd4 {[#]} (27. Qf2 $1 $16) 27... fxg2+ $2 (27... Ng3+ $1 $11 28. hxg3 f2) 28. Bxg2 {And now Bh3 would win.} Nxc4 $2 (28... Qg4 $16) 29. Qc2 Nf4 $2 (29... Ne5 30. Nf5 Qg5 31. Nxe7+ Qxe7) 30. Nf5 Re5 31. Rg1 {Weighted Error Value: White=0.21 (precise) /Black=0.46} 1-0

[Event "20th Prague Open 2022"]
[Site "Prague"]
[Date "2022.01.11"]
[Round "6.22"]
[White "Dahl, Max"]
[Black "Bochnicka, Vladimir"]
[Result "0-1"]
[WhiteElo "2024"]
[BlackElo "2222"]
[Annotator "TA"]
[PlyCount "86"]
[EventDate "2022.01.07"]
[EventType "swiss"]
[EventCountry "CZE"]
[SourceTitle "playchess.com"]
[Source "ChessBase"]
[SourceQuality "1"]

{[%evp 9,86,54,69,69,69,69,72,41,61,48,69,70,64,65,90,83,87,79,145,51,45,45,46,40,48,41,45,45,54,54,54,55,92,25,25,0,0,0,25,31,37,46,95,0,0,-27,-30,-27,-27,-22,-31,-30,-25,-47,-27,-27,-31,-445,-443,-442,-411,-431,-414,-414,-403,-804,-783,-454,-216,-229,-210,-1403,-1414,-1320,-1324,-29976,-29976,-6363,-6183]} 1. d4 f5 2. Bg5 Nf6 3. Bxf6 exf6 4. e3 d5 5. c4 c6 6. Nc3 {A80: Dutch Defence: Unusual White second moves.} Be6 7. Qb3 Qd7 8. cxd5 {White is better.} cxd5 9. Nge2 Bd6 10. g3 ({Don't go for} 10. Nxd5 $2 Bxd5 11. Qc2 Bb4+ 12. Nc3 Nc6 $19) 10... Nc6 {[%cal Bb8c6,Bc6a5,Ba5b3][%mdl 32]} 11. Bg2 Na5 12. Qb5 Qxb5 13. Nxb5 {[#]} Bb4+ $146 (13... Ke7 $142) ({Predecessor:} 13... O-O 14. Nxd6 {1-0 (14) Hoover,M-McConochie,S IECC email 1997}) 14. Nec3 (14. Kd1 $1 $16) 14... Kd7 $14 15. a3 Nb3 {Strongly threatening ...Bxc3+.} 16. Rb1 Bxc3+ 17. Nxc3 (17. bxc3 Na5 $11) 17... Kd6 18. Kd1 {[%cal Be1d1,Bd1c2,Bc2b2][%mdl 32]} a6 19. Kc2 Na5 20. b3 Nc6 {[%cal Of5f4]} 21. Na4 ({White should play} 21. Kd2 $16) 21... f4 $11 22. Kb2 fxe3 23. fxe3 Bf5 24. Rbf1 Bg6 25. Nb6 {[%csl LRa8,LRd5]} Rae8 (25... Rad8 $1 $14) 26. Nxd5 (26. Bxd5 $16 Kc7 27. Nc4) 26... Bf7 $1 27. Nc3 ({But not} 27. Rf5 Be6 28. g4 (28. Rh5 g6 $17) 28... Bxf5 29. gxf5 Ne7 30. Nxe7 Rxe7 $17) (27. Nxf6 $5 gxf6 28. Rxf6+ Ke7 29. Rhf1 $14) 27... Rxe3 28. Re1 Rhe8 29. Rxe3 Rxe3 30. Rd1 {Prevents Rd3.} f5 31. Rd2 b5 32. Bxc6 Kxc6 33. Re2 $2 {[%mdl 8192] This move loses the game for White.} (33. Rf2 $15) 33... Rxe2+ $19 34. Nxe2 {[%mdl 4096] Endgame KB-KN} Kd5 35. Kc3 {[#]} Ke4 36. Nf4 g5 37. Nd3 (37. Nh3 $142 h6 38. Nf2+ Ke3 39. Nd1+ Ke2 40. Kc2) 37... Ke3 38. Ne5 Bd5 (38... Be6 $142 39. Kb4 f4 40. gxf4 gxf4) 39. Nd7 f4 {[%cal Bf5f4,Bf4f3,Bf3f2][%mdl 32]} 40. Nf6 $2 {[#]} (40. gxf4 gxf4 41. Nf6) 40... f3 $1 41. Nxd5+ Ke2 42. Kc2 f2 43. Nc3+ {[#]} Ke1 $1 {Weighted Error Value: White=0.75/Black=0.13 (very precise)} 0-1

[Event "20th Prague Open 2022"]
[Site "Prague"]
[Date "2022.01.11"]
[Round "6.23"]
[White "Stanojevic, Ilija"]
[Black "Walter, Ema"]
[Result "1/2-1/2"]
[WhiteElo "2190"]
[BlackElo "2000"]
[Annotator "TA"]
[PlyCount "98"]
[EventDate "2022.01.07"]
[EventType "swiss"]
[EventCountry "CZE"]
[SourceTitle "playchess.com"]
[Source "ChessBase"]
[SourceQuality "1"]

{[%evp 9,98,-15,0,0,0,-3,0,-10,-2,-10,-11,-14,24,3,22,15,26,18,26,0,14,0,3,3,3,3,25,0,43,6,9,0,0,0,0,-35,0,0,0,0,0,0,0,0,0,0,0,0,0,0,0,0,26,0,11,0,0,-84,-85,-75,-36,-70,0,-55,0,-93,0,-79,0,-113,0,-110,0,-70,0,-110,-100,-99,-106,-91,-95,-106,0,0,0,0,0,0,0,0,0]} 1. c4 e5 2. Nc3 Bb4 3. g3 Bxc3 4. dxc3 d6 5. Bg2 Nc6 6. e4 {A21: English Opening: 1...e5 2 Nc3.} Nge7 {[%cal Bg8e7,Be7g6,Bg6f8,Bf8e6][%mdl 32]} 7. Nf3 Be6 8. Qe2 f6 9. Be3 {[#]} Qd7 $146 ({Predecessor:} 9... b6 10. Nh4 Qd7 11. h3 Rb8 12. Rd1 Nd8 13. f4 Qa4 14. b3 Qa5 15. Qd2 Nf7 {½-½ (29) Miezis,N (2555)-Kalinitschew,S (2520) Passau 1997}) 10. h3 {[%cal Bh2h3,Bh3h4,Bh4h5][%mdl 32]} Ng6 11. b3 Qf7 12. h4 a5 13. a4 Nf8 14. h5 Bg4 15. Ng5 Qd7 {[#]} 16. Bf3 Bxf3 17. Nxf3 Ne6 18. Nh4 Ne7 (18... O-O-O $11) 19. Qg4 Ng5 20. Qxd7+ Kxd7 21. Bxg5 fxg5 22. Ng2 h6 23. Ne3 Rhf8 24. Ke2 Rf7 25. Rad1 Raf8 26. Rhf1 Kc8 27. f3 {[%cal Oc4c5]} b6 28. b4 axb4 29. cxb4 {[%cal Oc4c5]} Nc6 30. Nc2 Rd7 31. Ra1 Kb7 32. Rfb1 Rdf7 33. Ra3 (33. Rf1 $1 $11) 33... g4 $1 $17 {[%cal Rf7f3]} 34. Rbb3 Rf6 35. Rd3 R6f7 (35... Nd8 $15) 36. Rdc3 ({White should try} 36. Rdb3 $1 $11) 36... Rf6 (36... Nd8 $15) 37. Re3 {[#]} (37. Rd3 $1 $11) 37... R6f7 (37... Nd8 $1 $17) 38. Rec3 (38. Reb3 $11 {keeps the balance.}) 38... Rf6 (38... Nd8 $17) 39. Kf2 {[#]} (39. Re3 $11) 39... R6f7 ({Better is} 39... Nd8 $1 $17 40. Ne1 Ne6) 40. Rcb3 (40. Ke2 $1 $11) 40... Rf6 (40... Nd8 $17 41. Kg2 Ne6) 41. Kg2 (41. Rc3 $1 $11) 41... R6f7 (41... Nd4 $15 42. Nxd4 exd4) 42. Rc3 (42. Kf2 $1 $11) 42... Nd4 (42... Nd8 {with more complications.} 43. Ne1 Ne6 44. Ra2 Ng5 45. fxg4 Nxe4 46. Rf3 Rxf3 47. Nxf3 Nf6) 43. Nxd4 exd4 44. Rd3 Rxf3 45. Rxf3 Rxf3 ({Black should play} 45... gxf3+ $17 46. Kf2 Ka6) 46. Rxf3 $11 {The position is equal.} gxf3+ 47. Kxf3 $17 {KP-KP} c5 $1 48. b5 Kc7 49. g4 Kb7 {Weighted Error Value: White=0.33/Black=0.25 (precise)} 1/2-1/2

[Event "20th Prague Open 2022"]
[Site "Prague"]
[Date "2022.01.11"]
[Round "6.24"]
[White "Kobl, Rudolf"]
[Black "Cornelisse, John"]
[Result "0-1"]
[WhiteElo "2009"]
[BlackElo "2173"]
[Annotator "TA"]
[PlyCount "50"]
[EventDate "2022.01.07"]
[EventType "swiss"]
[EventCountry "CZE"]
[SourceTitle "playchess.com"]
[Source "ChessBase"]
[SourceQuality "1"]

{[%evp 16,50,0,2,19,0,0,0,0,6,14,0,2,-19,6,-18,-14,-22,-18,-21,-22,-27,-9,-43,-41,-40,-25,-101,-95,-164,-157,-631,-361,-645,-644,-625,-563]} 1. d4 Nf6 2. c4 e6 3. Nc3 Bb4 4. f3 d5 5. a3 Bxc3+ 6. bxc3 c5 7. cxd5 Nxd5 8. dxc5 f5 9. Nh3 Qa5 {E25: Nimzo-Indian: Sämisch: 5...c5 6 f3 d5 7 cxd5.} 10. e4 fxe4 11. fxe4 {Strongly threatening Qh5+.} Nf6 {Inhibits Qh5+. The position is equal.} 12. Nf2 O-O 13. Be2 {[#]} Nc6 $146 {Prevents Qd4.} ({Predecessor:} 13... Qxc3+ 14. Bd2 Qd4 15. Bb4 Nc6 16. Qxd4 Nxd4 17. Bd1 e5 18. O-O Re8 19. Bc3 Be6 {½-½ (66) Ma,Q (2606)-Yu,Y (2664) Xinghua 2014}) 14. O-O Qxc5 15. Kh1 (15. Qd3 $5 {[%cal Rc1e3]}) 15... Qxc3 16. Bd2 Qd4 17. Qc2 e5 18. Bc3 {This bishop pair is nice.} Qc5 19. Qb3+ Kh8 {[%cal Oc8e6]} 20. Nd3 Qe3 21. Qb2 {[#]} (21. Rfe1 $1 $11 {keeps the balance.}) 21... Bg4 $1 $17 ({Resist} 21... Qxe4 22. Nxe5 Nxe5 23. Bxe5 $14) 22. Bxg4 (22. Rfe1 $17 {keeps fighting.}) 22... Nxg4 $19 ({Stronger than} 22... Qxd3 23. Rfd1 Qe3 24. Re1 $17) 23. Rxf8+ $2 (23. Qd2 $17) 23... Rxf8 24. Qd2 {[#]} (24. h3 Qxd3 25. hxg4) 24... Qxd3 $1 {[%mdl 512]} 25. Qxd3 Nf2+ {Weighted Error Value: White=0.66/Black=0.05 (flawless)} 0-1

[Event "20th Prague Open 2022"]
[Site "Prague"]
[Date "2022.01.12"]
[Round "7.1"]
[White "Mikes, Jan"]
[Black "Pijpers, Arthur"]
[Result "1/2-1/2"]
[WhiteElo "2329"]
[BlackElo "2485"]
[Annotator "TA"]
[PlyCount "107"]
[EventDate "2022.01.07"]
[EventType "swiss"]
[EventCountry "CZE"]
[SourceTitle "playchess.com"]
[Source "ChessBase"]
[SourceQuality "1"]

{[%evp 9,107,0,0,0,0,0,0,7,5,-12,-10,-18,0,0,0,0,0,-46,-46,-47,-47,-43,-41,-65,-62,-87,-38,-33,-29,-35,-29,-41,-25,-21,-20,-37,-33,-52,-45,-54,-53,-55,0,-46,-22,-36,-22,-16,0,0,-7,-43,-41,-39,-20,-57,-49,-60,-50,-160,-41,-41,-41,-104,-29,-15,-15,-15,-15,-15,-15,-15,-15,-15,0,0,0,0,0,-15,0,0,0,0,0,0,0,0,0,0,0,0,0,0,0,0,0,0,0,0]} 1. e4 c5 2. b3 Nc6 3. Bb2 e5 4. Bc4 d6 5. Nc3 Nf6 6. d3 {B20: Sicilian: Unusual White 2nd moves.} g6 7. Nge2 Bg7 8. O-O O-O 9. a4 Be6 10. Qd2 {[#]} d5 $146 ({Predecessor:} 10... Nd4 11. Nxd4 exd4 12. Nd5 Nxd5 13. exd5 Bf5 14. c3 dxc3 15. Bxc3 Qh4 16. b4 Bd4 17. bxc5 dxc5 {½-½ (65) Baglan,E (2149)-Atakisi,U (2312) Manavgat 2015}) 11. exd5 Nxd5 12. Nxd5 Bxd5 13. Bxd5 (13. Rae1 $11 {is more appropriate.}) 13... Qxd5 $15 14. Nc3 {[%cal Be2c3,Bc3e4,Be4g5][%mdl 32]} Qd7 15. Ne4 b6 16. f4 f5 17. Ng5 Rfe8 ({But not} 17... h6 $6 18. Nf3 $11) (17... e4 $17 18. Bxg7 Kxg7) 18. fxe5 Bxe5 19. Bxe5 Nxe5 20. Rae1 Re7 21. Nf3 Nxf3+ 22. gxf3 Rae8 23. Rxe7 Qxe7 {[%mdl 4096] Endgame KQR-KQR} 24. Qf4 Qf6 25. Kf2 Qe7 {To avoid Re1. Hoping for ...Qe2+.} 26. Kg1 Qe2 27. Rf2 Qe1+ 28. Kg2 Qe7 29. Rd2 Qf6 30. Rf2 Kg7 31. a5 Re7 32. h4 bxa5 33. Rd2 h6 34. Kh3 {[#]} ({White should try} 34. Rd1 $15) 34... Kh7 (34... g5 $1 $17 {[%cal Rg5f4]} 35. Qg3 g4+ 36. Kg2 (36. fxg4 $2 f4 $19) 36... h5) 35. Rg2 a6 36. c3 ({White should play} 36. Kh2 $15) 36... Qe5 (36... h5 $17 37. d4 cxd4 38. Qxd4 Qc6) 37. Qxe5 $11 Rxe5 {KR-KR. The position is equal.} 38. Ra2 Re3 {[%csl LRd3,LRf3]} 39. Rxa5 Rxf3+ 40. Kg2 Rxd3 41. Rxc5 Kg7 42. Rc7+ $1 Kf6 {[#] Threatens to win with ...f4.} 43. Rc6+ Kf7 44. b4 g5 45. Rxh6 gxh4 46. Rxh4 Rxc3 47. Rh6 Ra3 48. Rb6 Ke7 49. Kf2 f4 50. Rh6 f3 51. Rb6 Kd7 52. Rf6 Rb3 53. Rxa6 Rxb4 54. Kxf3 {Weighted Error Value: White=0.10 (very precise) /Black=0.16 (very precise)} 1/2-1/2

[Event "20th Prague Open 2022"]
[Site "Prague"]
[Date "2022.01.12"]
[Round "7.2"]
[White "Mirzoev, Azer"]
[Black "Lim, Zhuo Ren"]
[Result "1-0"]
[WhiteElo "2420"]
[BlackElo "2311"]
[Annotator "TA"]
[PlyCount "75"]
[EventDate "2022.01.07"]
[EventType "swiss"]
[EventCountry "CZE"]
[SourceTitle "playchess.com"]
[Source "ChessBase"]
[SourceQuality "1"]

{[%evp 18,75,21,17,16,1,15,12,14,0,8,0,16,9,19,14,23,13,23,14,22,24,42,41,50,41,38,42,60,50,53,53,72,81,97,106,103,89,130,134,122,130,133,122,172,169,222,202,240,233,1139,1128,1491,1377,1836,1007,1598,1531,1316,1287]} 1. Nf3 d5 2. c4 e6 3. g3 Nf6 4. Bg2 Be7 5. O-O O-O 6. d4 dxc4 7. Qc2 a6 8. a4 Bd7 9. Qxc4 Bc6 10. Bf4 Bd6 {E05: Open Catalan: 5 Nf3 Be7.} 11. Qc1 a5 12. Nc3 Na6 {[%cal Bb8a6,Ba6b4,Bb4d5][%mdl 32] The position is equal.} 13. Rd1 Nb4 14. Bg5 {[%cal Oe2e4]} Be7 15. Qb1 Bxf3 16. Bxf3 c6 {[#]} 17. h4 $146 ({Predecessor:} 17. e4 Nd7 18. Bf4 Nb6 19. h4 h6 20. Qc1 f5 21. d5 exd5 22. exd5 N6xd5 23. Nxd5 cxd5 24. Bxd5+ Nxd5 {½-½ (52) Gritsak,O (2475)-Weglarz,L (2375) Krynica 1998}) 17... Nd7 18. Bf4 Nd5 19. Bd2 Bf6 20. e4 {[%cal Be2e4,Be4e5][%mdl 32]} Nb4 21. e5 Be7 22. Qe4 $36 {[%mdl 2048] White has good play.} Qb6 23. Kg2 Rfd8 24. Rac1 Nf8 25. Be3 Nd5 26. Nxd5 cxd5 27. Qc2 {White is more active.} Rd7 (27... Rdb8 $142) 28. Rd3 $16 Bb4 {[#]} 29. h5 $1 {Prevents Ng6.} h6 30. Be2 Rdd8 (30... Qd8 $16) 31. Rdd1 $18 Nd7 (31... Be7 {might work better.} 32. Bb5 Rdb8) 32. Bb5 Qa7 33. Qe2 Nb8 $2 (33... b6 34. f4 Nf8) 34. Qg4 {White is clearly winning.} Kf8 35. Rc7 {[%cal Oe3h6] White threatens Bxh6! and mate.} Be7 {[#]} 36. Rxe7 $1 {[%cal Oe3h6][%mdl 512] Threatening mate with Bxh6!} Kxe7 (36... Nc6 37. Rxf7+) 37. Qxg7 {Qf6+ would kill now.} Nc6 38. Bxh6 {Weighted Error Value: White=0.05 (flawless) /Black=0.16 (very precise)} 1-0